00532nam a2200145Ia 4500008004100000082001200041082000800053245014300061245002700204260002700231300000900258942000800267999001900275952009200294231017s9999 xx 000 0 und d a388.312 bSMI 0aInvestigation of System Operations Performance Measures for the Virginia Department of Transportation (Final Contract Report VTRC 07.CR16) 0cB. Brian L. Smith. PhD bB. Brian L. Smith. PhD c30cm cREP c604378d604378 00104070aNITbNITd2023-10-17l0o388.312 SMIpNIT-3205r2023-10-17w2023-10-17yREP